2.Bundesliga Vereine Saison 24/25 - Statistiken

Allgemein
  • Dieses Quiz wurde 446 mal gespielt
  • Das Durchschnittsergebnis liegt bei 15 aus 18
Antwortstatistiken
Antwort % Korrekt
1.FC Köln
95%
Karlsruher SC
94%
Fortuna Düsseldorf
90%
FC Schalke 04
89%
Eintracht Braunschweig
87%
Hamburger SV
87%
Hannover 96
86%
1.FC Kaiserslautern
85%
Jahn Regensburg
84%
1.FC Nürnberg
83%
Hertha BSC
83%
SpVgg Greuther Fürth
83%
SSV Ulm 1846
82%
SV Elversberg
82%
Preußen Münster
80%
SV Darmstadt 98
77%
1.FC Magdeburg
75%
SC Paderborn 07
71%
Keine übereinstimmenden Quizze gefunden
Verteilung der Resultate
Anzahl Personen mit jedem Resultat
Perzentil nach korrekt beantworteten Fragen
Ihre Resultats-Entwicklung
Sie haben dieses Quiz noch nicht gespielt